| 000 | 00378nab a22001097u 4500 | ||
|---|---|---|---|
| 008 | 130520b1989 xxu||||| |||| 00| 0 spa d | ||
| 041 | _aspa | ||
| 100 | 1 |
_aBenda, V. _967464 |
|
| 245 | 0 | 0 |
_aCatecismo universal y proceso conciliar para la justicia, la paz y la conservación de la naturaleza _cV. Benda |
| 773 | 0 |
_tConcilium _gV.2,1989,págs.135-142 _x0210-1041 _wRev134 |
|
| 942 | _cAR | ||
| 999 |
_c355484 _d355484 |
||